| 000 | 00777cab a22002055a 4500 | ||
|---|---|---|---|
| 001 | L140036 | ||
| 008 | 070830e20070825xxk f l 000 0 eng d | ||
| 035 | _a(Sirsi) u140036 | ||
| 041 | 0 | _aeng | |
| 100 | 1 | _aEdwards, Chris | |
| 245 | 4 | 4 | _aThe winds of change |
| 260 | _c2007 | ||
| 490 | 0 |
_aEstates Gazette _v(0734) 25 August 2007, 82-83(2) |
|
| 520 | _aReports that although some features of traditional institutional leases survive, over the past forty years, the trend towards shorter leases suggests that a tenant might get something that suits them rather than the landlord. | ||
| 590 | _aka | ||
| 651 | 4 |
_aEngland and Wales _y1543- |
|
| 690 | _aPROPERTY-COMMERCIAL PROPERTY-COMMERCIAL LANDLORD AND TENANT-COMMERCIAL LEASES | ||
| 700 | 1 | _aKrendel, Paul | |
| 942 | _n0 | ||
| 999 |
_c79164 _d79164 |
||